La Nouvelle-Zélande en images - Statistiques

Statistiques générales
  • Ce quiz a été pris 438 fois
  • Le résultat moyen est 11 sur 18
Statistiques - réponses
Par images Hint Réponse % Correct
Films Le Seigneur des Anneaux
95%
Equipe sportive All Blacks
92%
Danse guerrière Haka
92%
Espèce Kiwi
90%
Espèce Mouton
90%
Ville Wellington
88%
Peuple Māori
81%
Invention Saut à l'élastique
78%
Ville Auckland
74%
Ile Ile du {Nord}
58%
Ville Christchurch
43%
Langue officielle Langue des signes néo-zélandaise
41%
Réalisateur Peter Jackson
40%
Dessert Pavlova
32%
Territoire en libre association Niue
30%
Chaîne de montagne Alpes du Sud
29%
Alpiniste Edmund Hillary
21%
Espèce disparue Moa
17%
Aucun quiz correspondant
Distribution des résultats
% des personnes avec chaque résultat
Percentile par nombre de réponses
Votre historique - résultats
Vous n’avez pas pris ce quiz